Tradycję sportów konnych w Polsce do 1939 roku

Titel: Tradycję sportów konnych w Polsce do 1939 roku / Renata Urban
Verfasser:
Ausgabe: Wydanie I
Veröffentlicht: Szczecin : Wydawnictwo Naukowe Uniwersytetu Szczecińskiego, 2022
Umfang: 393 Seiten : Illustrationen ; 25 cm
Format: Buch
Sprache: Polnisch
Schriftenreihe/
mehrbändiges Werk:
Rozprawy i Studia / Uniwersytet Szczeciński ; t. (1322) = 1248
Schlagworte:
ISBN: 9788379725335
Buchumschlag
X
alg: 50624470
001A    $03004:23-03-23 
001B    $01999:10-12-24 $t07:50:34.000 
001D    $03004:20-04-23 
001U    $0utf8 
001X    $00 
002@    $0Aau 
002C    $aText $btxt $2rdacontent 
002D    $aohne Hilfsmittel zu benutzen $bn $2rdamedia 
002E    $aBand $bnc $2rdacarrier 
003@    $0506244709 
004A    $A978-83-7972-533-5 
006C    $01339077142 $aOCoLC 
007A    $0BV048387260 $aBVB 
007G    $0DE020C40CA75B3F4DA749C1258A44002F7BA9 
009P    $qapplication/pdf $A2 $3Inhaltsverzeichnis $uhttp://scans.hebis.de/HEBCGI/show.pl?50624470_toc.pdf $mV:DE-603;B:DE-Mb50 
009P    $qapplication/pdf $A2 $3Cover $uhttp://scans.hebis.de/HEBCGI/show.pl?50624470_cov.pdf $mV:DE-603;B:DE-Mb50 
009P    $qapplication/pdf $A2 $3Abstract $uhttp://scans.hebis.de/HEBCGI/show.pl?50624470_sum.pdf $mV:DE-603;B:DE-Mb50 
009P    $qapplication/pdf $A2 $3Buch Bibliographie $uhttp://scans.hebis.de/HEBCGI/show.pl?50624470_bib.pdf $mV:DE-603;B:DE-Mb50 
010@    $apol $ceng 
010E    $erda 
011@    $a2022 $n2022 
021A    $aTradycję sportów konnych w Polsce do 1939 roku $hRenata Urban 
027A    $aTraditions of horse sports in Poland until 1939 
028A    $BVerfasser $4aut $8Urban, Renata [Tp3] $9463092074 
032@    $aWydanie I 
033A    $pSzczecin $nWydawnictwo Naukowe Uniwersytetu Szczecińskiego 
034D    $a393 Seiten 
034I    $a25 cm 
034M    $aIllustrationen 
036E    $aRozprawy i Studia / Uniwersytet Szczeciński $lt. (1322) = 1248 
044A    $aJazda konna $S#0 $N653 
044A    $aKoń $S#0 $N653 
044A    $aTurnieje rycerskie $S#0 $N653 
044A    $aPolska $S#2 $N653 
044A    $aHipika / Polska / historia $S#0 $N653 
044A    $aJazda konna / Polska / rozprawy akademickie $S#0 $N653 
044A    $a901-1000 $S#4 $N653 
044A    $a1001-1100 $S#4 $N653 
044A    $a1101-1200 $S#4 $N653 
044A    $a1201-1300 $S#4 $N653 
044A    $a1301-1400 $S#4 $N653 
044K    $RPolen-Litauen $RKongresspolen $RWestgalizien $RStaat Krakau $#Generalgouvernement Polen $#Polska $#Rzeczpospolita Polska $#Polska Rzeczpospolita Ludowa $#Poland $#Pologne $#République Polonaise $#Generalne Gubernatorstwo w Polsce $#Polish People's Republic $#Polska Rzeczpospolita Polen $#PRL $#RP $#Polen Generalgouvernement $#Polska Generalgouvernement $#Besetzte Polnische Gebiete $#Besetztes Gebiet in Polen $#Okupowane Polskie Obszary $#Obszary Okupowane w Polsce $#Volksrepublik Polen $#Polska Rosyjska $#Republic Polen $#Respublika Pol'ša $#Pol'skaja Narodnaja Respublika $#République de Pologne $#Polen Links der Weichsel $#Polska po Lewej Stronie Wisły $#Lenkija $#Polija $#Gubernija Carstva Pol'skago $#Republik Polen $74046496-9 $8Polen [Tg1] $9085129801 
044K    $RPferderasse $RPferde $#Horses $#Cheval $#Caballos $#horses $#Pferde $#Equus caballus $#Equus ferus f. domesticus $#Equus ferus caballus $#Hauspferd $#Ross $#Pferde $74045503-8 $8Pferd [Ts1] $9085127574 
044K    $RSport $#Horse sports $#Sports hippiques $#Ippica $#Hípica $#Pferdesport $74045517-8 $8Pferdesport [Ts1] $9085127612 
044K    $RReiten $#Reiten Turniersport $#Turnierreiten $#Reitturnier $74078478-2 $8Turniersport [Ts1] $9085222496 
045F    $a796.09438 $eDDC22BSB 
045F/01 $a796.09 
045F/03 $g438 
045G    $a796.094380904 $eDDC23BSB 
045G/01 $a796.09 
045G/03 $f0904 
045G/03 $g438 
045R    $aGeschichte Anfänge-1939 
045T    $aOST $qDE-12 $2FID 
046L    $aZusammenfassungen in polnischer und englischer Sprache 

lok: 50624470 24

exp: 50624470 24 1 #EPN
201B/01 $020-04-23 $t08:05:39.000 
201C/01 $023-03-23 
201U/01 $0utf8 
203@/01 $01229853464 
208@/01 $a20-04-23 $bz 
209A/01 $a23.01116 $du $f050 $h23 01116 $x00 
209C/01 $a23.01116 K $h23 01116 K 
209G/01 $a74645798 $x00 
220C/01 $abar/hae 
247C/01 $8358050-7 Marburg, Bibliothek des Herder-Instituts Marburg $9102600961 

lok: 50624470 78

exp: 50624470 78 1 #EPN
201B/01 $018-07-23 $t11:26:59.000 
201C/01 $018-07-23 
201U/01 $0utf8 
203@/01 $01239932731 
208@/01 $a18-07-23 $be 
209A/01 $a/ $f000 $x00 
209A/01 $ab*p $x01 
220C/01 $aeja 
247C/01 $82080>Marburg/Lahn, Herder-Institut, Forschungsbibliothek, Bibliographieportal $9336309341
LEADER 00000cam a2200000 c 4500
001 506244709
003 DE-603
005 20241210075034.0
007 tu
008 230323s2022 xx |||| | u00||u|pol c
020 |a 9788379725335 
035 |a (DE-599)BVBBV048387260 
040 |a DE-603  |b ger  |c DE-603  |d DE-603  |e rda 
041 |a pol  |h eng 
082 0 4 |8 1\u  |a 796.09438  |q DE-101  |2 22/BSB 
083 0 |8 2\u  |a 796.094380904  |q DE-101  |2 23/BSB 
084 |a OST  |q DE-12  |2 fid 
085 |8 1\u  |b 796.09 
085 |8 1\u  |z 2  |s 438 
085 |8 2\u  |b 796.09 
085 |8 2\u  |z 1  |s 0904 
085 |8 2\u  |z 2  |s 438 
100 1 |a Urban, Renata  |e Verfasser  |4 aut  |0 (DE-603)463092074  |0 (DE-588)1208532693  |2 gnd 
245 0 0 |a Tradycję sportów konnych w Polsce do 1939 roku  |c Renata Urban 
246 1 3 |a Traditions of horse sports in Poland until 1939 
250 |a Wydanie I 
264 1 |a Szczecin  |b Wydawnictwo Naukowe Uniwersytetu Szczecińskiego  |c 2022 
300 |a 393 Seiten  |b Illustrationen  |c 25 cm 
336 |a Text  |b txt  |2 rdacontent 
337 |a ohne Hilfsmittel zu benutzen  |b n  |2 rdamedia 
338 |a Band  |b nc  |2 rdacarrier 
490 0 |a Rozprawy i Studia / Uniwersytet Szczeciński  |v t. (1322) = 1248 
546 |a Zusammenfassungen in polnischer und englischer Sprache 
648 7 |a Geschichte Anfänge-1939  |2 gnd 
650 7 |a Pferd  |0 (DE-588)4045503-8  |0 (DE-603)085127574  |2 gnd 
650 7 |a Pferdesport  |0 (DE-588)4045517-8  |0 (DE-603)085127612  |2 gnd 
650 7 |a Turniersport  |0 (DE-588)4078478-2  |0 (DE-603)085222496  |2 gnd 
651 7 |a Polen  |0 (DE-588)4046496-9  |0 (DE-603)085129801  |2 gnd 
856 4 2 |m V:DE-603;B:DE-Mb50  |q application/pdf  |u http://scans.hebis.de/HEBCGI/show.pl?50624470_toc.pdf  |3 Inhaltsverzeichnis 
856 4 2 |m V:DE-603;B:DE-Mb50  |q application/pdf  |u http://scans.hebis.de/HEBCGI/show.pl?50624470_cov.pdf  |3 Cover 
856 4 2 |m V:DE-603;B:DE-Mb50  |q application/pdf  |u http://scans.hebis.de/HEBCGI/show.pl?50624470_sum.pdf  |3 Abstract 
856 4 2 |m V:DE-603;B:DE-Mb50  |q application/pdf  |u http://scans.hebis.de/HEBCGI/show.pl?50624470_bib.pdf  |3 Buch Bibliographie 
924 0 |9 Mb 50  |a (DE-603)1229853464  |b DE-Mb50  |c HES  |d c  |g 23.01116 
924 0 |9 2080  |a (DE-603)1239932731  |b DE-2080  |c HES  |d d  |g /